ESD Circuits and Devices

Na minha lista:
Detalhes bibliográficos
Autor principal: Voldman, Steven H. (Author)
Formato: Livro
Idioma:inglês
Publicado em: Chichester : John Wiley & Sons, 2006
Assuntos:
Tags: Adicionar Tag
Sem tags, seja o primeiro a adicionar uma tag!

MARC

LEADER 00000nam a22000003a 4500
001 stu157683
005 20190206124556.7
008 080211s2006----uk------------------eng-d
020 |a 978-0-470-84754-1 
040 |a STU  |b slo 
041 0 |a eng 
044 |a uk 
080 |a 621.315.592 
080 |a 537.291 
080 |a 621.319 
100 1 |a Voldman, Steven H.  |4 aut 
245 1 |a ESD Circuits and Devices 
260 |a Chichester :  |b John Wiley & Sons,  |c 2006 
300 |a 384 s 
650 7 |a elektrostatický výboj  |2 stusub 
650 7 |a elektrostatika  |2 stusub 
650 7 |a polovodiče  |2 stusub 
650 7 |a statické trajektórie  |2 stusub 
996 |b 284EK87165  |c E*87165  |l EE11  |s P  |a 0  |w stu157683_0001